| 000 | 01308cam a2200301 a 4500 | ||
|---|---|---|---|
| 001 | 15692774 | ||
| 005 | 20090808082239.0 | ||
| 008 | 090408s2009 fluab bf 001 0 eng | ||
| 010 | _a 2009014909 | ||
| 020 | _a1420053906 (hard back : alk. paper) | ||
| 020 | _a9781420053906 (hard back : alk. paper) | ||
| 035 | _a(OCoLC)ocn148705247 | ||
| 040 |
_aDLC _cDLC _dBTCTA _dBAKER _dYDXCP _dC#P _dCDX _dDLC |
||
| 050 | 0 | 0 |
_aTK9151 _b.N834 2009 |
| 082 | 0 | 0 |
_a621.48 _222 _bNUC |
| 245 | 0 | 0 |
_aNuclear Engineering Handbook / _cEdited by Kenneth D. Kok. |
| 260 |
_aBoca Raton : _bCRC Press, 2009 _cc2009. |
||
| 300 |
_axviii, 768 p. : _bill., map ; _c27 cm. |
||
| 490 | 1 |
_aMechanical engineering series (Boca Raton, Fla.) _922250 |
|
| 504 | _aIncludes bibliographical references and index. | ||
| 650 | 0 |
_aNuclear engineering _vHandbooks, manuals, etc. _923221 |
|
| 653 |
_bGen _cApril2011 |
||
| 700 | 1 |
_aKok, Kenneth D. _923222 |
|
| 830 | 0 |
_aMechanical engineering series (Boca Raton, Fla.) _923223 |
|
| 942 |
_2ddc _cBB |
||
| 999 |
_c15151 _d15151 |
||